<?xml version="1.0" encoding="UTF-8"?>
<record
    xmlns:xsi="http://www.w3.org/2001/XMLSchema-instance"
    xsi:schemaLocation="http://www.loc.gov/MARC21/slim http://www.loc.gov/standards/marcxml/schema/MARC21slim.xsd"
    xmlns="http://www.loc.gov/MARC21/slim">

  <leader>00599nam a22001932  4500</leader>
  <controlfield tag="001">0000010278</controlfield>
  <controlfield tag="005">20140825164405.0</controlfield>
  <controlfield tag="008">070206s1995    tnua     b    000 0 eng d</controlfield>
  <datafield tag="020" ind1=" " ind2=" ">
    <subfield code="a">0785279156 (hc)</subfield>
  </datafield>
  <datafield tag="040" ind1=" " ind2=" ">
    <subfield code="a">PUL</subfield>
  </datafield>
  <datafield tag="100" ind1="1" ind2=" ">
    <subfield code="a">Graham, Franklin,</subfield>
    <subfield code="d">1952-.</subfield>
  </datafield>
  <datafield tag="245" ind1="1" ind2="0">
    <subfield code="a">Rebel with a cause :</subfield>
    <subfield code="b">Thomas Nelson, Inc /</subfield>
    <subfield code="c">c1995.</subfield>
  </datafield>
  <datafield tag="260" ind1=" " ind2=" ">
    <subfield code="a">Nashville, Tenn :</subfield>
    <subfield code="b">Thomas Nelson, Inc,</subfield>
    <subfield code="c">c1995.</subfield>
  </datafield>
  <datafield tag="300" ind1=" " ind2=" ">
    <subfield code="a">xiv, 314   p. :</subfield>
    <subfield code="b">ill ;</subfield>
    <subfield code="c">24   cm.</subfield>
  </datafield>
  <datafield tag="504" ind1=" " ind2=" ">
    <subfield code="a">Includes bibliographical references (p. [315]).</subfield>
  </datafield>
  <datafield tag="650" ind1=" " ind2="0">
    <subfield code="a">Church charities</subfield>
    <subfield code="x">Biography.</subfield>
  </datafield>
  <datafield tag="908" ind1=" " ind2=" ">
    <subfield code="a">070206</subfield>
  </datafield>
  <datafield tag="050" ind1=" " ind2=" ">
    <subfield code="a">HV530.G73</subfield>
    <subfield code="b">A3</subfield>
    <subfield code="b">1995</subfield>
  </datafield>
  <datafield tag="999" ind1=" " ind2=" ">
    <subfield code="c">9796</subfield>
    <subfield code="d">9796</subfield>
  </datafield>
  <datafield tag="952" ind1=" " ind2=" ">
    <subfield code="0">0</subfield>
    <subfield code="1">0</subfield>
    <subfield code="2">lcc</subfield>
    <subfield code="4">0</subfield>
    <subfield code="7">0</subfield>
    <subfield code="a">PUEA</subfield>
    <subfield code="b">PUEA</subfield>
    <subfield code="d">2012-12-26</subfield>
    <subfield code="e">DON</subfield>
    <subfield code="l">0</subfield>
    <subfield code="o">HV530.G73 A3 1995</subfield>
    <subfield code="p">020020011754</subfield>
    <subfield code="r">2015-07-01 00:00:00</subfield>
    <subfield code="w">2012-12-26</subfield>
    <subfield code="y">BK</subfield>
  </datafield>
</record>
